[Event "Valencia CEX-CAA 4th"]
[Site "Valencia"]
[Date "2019.11.09"]
[Round "4.9"]
[White "Mari Pons, Enrique"]
[Black "Castillo Torrent, David"]
[Result "0-1"]
[WhiteElo "1576"]
[BlackElo "1777"]
[PlyCount "111"]
[EventDate "2019.10.19"]
[EventType "swiss"]
[EventRounds "7"]
[EventCountry "ESP"]
[SourceTitle "EXT 2024"]
[Source "ChessBase"]
[SourceDate "2023.10.10"]
[SourceVersion "1"]
[SourceVersionDate "2023.10.10"]
[SourceQuality "1"]

1. e4 g6 2. d4 d6 3. Bc4 Bg7 4. Be3 Nc6 5. c3 Nf6 6. Nd2 e5 7. Ne2 0-0 8. Qc2 d5 9. Bb5 exd4 10. Nxd4 Nxd4 11. Bxd4 dxe4 12. Bc5 Qd5 13. Bxf8 Bxf8 14. c4 Qe5 15. Qc3 Qf5 16. Qe3 Bc5 17. Qe2 a6 18. Ba4 b5 19. Bc2 Bb7 20. f3 Qe5 21. Nxe4 Bxe4 22. Bxe4 Bb4+ 23. Kf1 Re8 24. g3 h5 25. Kg2 h4 26. a3 Bd6 27. gxh4 Nh5 28. Qc2 Nf4+ 29. Kf1 Qe6 30. Rg1 Qh3+ 31. Rg2 Nxg2 32. Qxg2 Qxh2 33. Qxh2 Bxh2 34. cxb5 axb5 35. Bc6 Re5 36. Re1 Rc5 37. Re8+ Kg7 38. Be4 Bd6 39. Ke2 Rh5 40. Bd3 Rxh4 41. Bxb5 Rh2+ 42. Kd3 Rxb2 43. a4 Rb3+ 44. Ke2 Ra3 45. Bc6 Bc5 46. Rd8 Kf6 47. Rd7 Ke6 48. Rxc7 Kd6 49. Rc8 f6 50. Ra8 Kxc6 51. a5 Kb5 52. Rg8 g5 53. Rg6 Bd4 54. Rg8 Re3+ 55. Kd2 Rxf3 56. Ra8 0-1

[Event "Benimodo op U2200 12th"]
[Site "Benimodo"]
[Date "2017.08.19"]
[Round "3"]
[White "Oltra Landete, Fidel"]
[Black "Castillo Torrent, David"]
[Result "1/2-1/2"]
[WhiteElo "1866"]
[BlackElo "1764"]
[PlyCount "106"]
[EventDate "2017.08.18"]
[EventType "swiss"]
[EventRounds "7"]
[EventCountry "ESP"]
[SourceTitle "EXT 2019"]
[Source "ChessBase"]
[SourceDate "2018.10.10"]
[SourceVersion "1"]
[SourceVersionDate "2018.10.10"]
[SourceQuality "1"]

1. d4 Nf6 2. Bg5 c5 3. d5 d6 4. Nc3 g6 5. e4 Bg7 6. f3 h6 7. Be3 Nbd7 8. Qd2 b5 9. Nxb5 a6 10. Nc3 Rb8 11. Rb1 Qa5 12. b3 Nb6 13. Nge2 Bd7 14. g3 Bb5 15. Kf2 Bxe2 16. Nxe2 Qxa2 17. Bg2 Nc4 18. Qd3 Nxe3 19. Kxe3 0-0 20. Nc3 Qa5 21. Ra1 Qb6 22. Rxa6 Qb7 23. Rha1 Ra8 24. R1a4 Nd7 25. Qb5 Rab8 26. Qxb7 Rxb7 27. Nb1 Rc8 28. Bh3 Rcb8 29. Nd2 Kf8 30. Ra8 Nb6 31. Rxb8+ Rxb8 32. Ra6 Ke8 33. Bf1 Kd8 34. Nc4 Nxc4+ 35. Bxc4 Kc7 36. Ra7+ Rb7 37. Rxb7+ Kxb7 38. Kd3 Bd4 39. c3 Bg1 40. Ke2 h5 41. h3 g5 42. f4 f6 43. b4 Kb6 44. b5 h4 45. gxh4 gxh4 46. Kf3 Bh2 47. Bd3 Bg3 48. c4 Kc7 49. Kg4 Be1 50. Kf5 Ba5 51. e5 fxe5 52. fxe5 Bc3 53. exd6+ exd6 1/2-1/2

[Event "Alzira-ch Provincial Primera"]
[Site "Alzira"]
[Date "2014.10.04"]
[Round "2.5"]
[White "Garcia Guerola, Vicente"]
[Black "Castillo Torrent, David"]
[Result "0-1"]
[WhiteElo "1671"]
[BlackElo "1692"]
[PlyCount "60"]
[EventDate "2014.09.27"]
[EventType "swiss"]
[EventRounds "7"]
[EventCountry "ESP"]
[SourceTitle "EXT 2024"]
[Source "ChessBase"]
[SourceDate "2023.10.10"]
[SourceVersion "1"]
[SourceVersionDate "2023.10.10"]
[SourceQuality "1"]

1. c4 Nf6 2. d4 c5 3. Nf3 cxd4 4. Nxd4 b6 5. Nc3 Bb7 6. Bg5 e6 7. Ndb5 d6 8. Bxf6 gxf6 9. e4 a6 10. Nd4 Nc6 11. Nxc6 Bxc6 12. Qh5 Qc7 13. Qh4 Be7 14. Qg3 0-0-0 15. 0-0-0 Rhg8 16. Qe3 d5 17. cxd5 exd5 18. Bxa6+ Kb8 19. Kb1 Bc5 20. Qf3 dxe4 21. Rxd8+ Rxd8 22. Qxf6 Bd4 23. Qh4 Bxc3 24. bxc3 Rd2 25. Qg3 Qxg3 26. hxg3 Rxf2 27. Rxh7 e3 28. Rh1 b5 29. c4 e2 30. Re1 Rf1 0-1